El impuesto a la tierra (Registro nro. 24730)
[ vista simple ]
| 000 -LEADER | |
|---|---|
| fixed length control field | 00307 a2200109 4500 |
| 001 - CONTROL NUMBER | |
| control field | ART_10232 |
| 005 - DATE AND TIME OF LATEST TRANSACTION | |
| control field | 20260410161848.0 |
| 008 - FIXED-LENGTH DATA ELEMENTS--GENERAL INFORMATION | |
| fixed length control field | 260409a |
| 100 1# - MAIN ENTRY--PERSONAL NAME | |
| Personal name | Piñeiro, Martín E. |
| 245 10 - TITLE STATEMENT | |
| Title | El impuesto a la tierra |
| 773 0# - HOST ITEM ENTRY | |
| Title | Económica |
| Related parts | - Año XVI, Nº3 (sep./dic. 1970) |
| Record control number | REV7541 |
No hay ítems disponibles.